False Claims Act, the Allison Engine Decision, and Possible Effects on Health Care Fraud Enforcement.

Outlines the False Claims Act (FCA), which provides for judicial imposition of civil monetary penalties and damages for knowing submission of false claims to the Government. Discusses Supreme Court ruling in Allison Engine Co. v. U.S. ex. rel. Sanders that FCA applies only to Government itself and n...

Full description

Bibliographic Details
Corporate Authors: Library of Congress. Congressional Research Service, ProQuest (Firm)
Format: eBook
Language:English
Published: [Place of publication not identified] : [publisher not identified], 2009.
Series:U.S. Congressional Research.
Subjects:
Online Access:Connect to the full text of this electronic book

MARC

Tag First Indicator Second Indicator Subfields
LEADER 00000cam a22000001a 4500
001 in00003411313
006 m d f
007 cr bn mmmapmmp
008 101221s2009 dcu o f000 0 eng d
005 20260430174140.2
035 |a cis2007868371 
040 |a ProQuest  |c ProQuest  |d UtOrBLW 
043 |a n-us--- 
099 |a CRS-2009-AML-0235 
110 2 |a Library of Congress.  |b Congressional Research Service. 
245 1 0 |a False Claims Act, the Allison Engine Decision, and Possible Effects on Health Care Fraud Enforcement. 
264 1 |a [Place of publication not identified] :  |b [publisher not identified],  |c 2009. 
300 |a 1 online resource. 
336 |a text  |b txt  |2 rdacontent 
337 |a computer  |b c  |2 rdamedia 
338 |a online resource  |b cr  |2 rdacarrier 
500 |a Record is based on bibliographic data in ProQuest U.S. Congressional Research Digital Collection (last viewed Dec. 2010). Reuse except for individual research requires license from ProQuest, LLC. 
500 |a CRS Report. 
520 |a Outlines the False Claims Act (FCA), which provides for judicial imposition of civil monetary penalties and damages for knowing submission of false claims to the Government. Discusses Supreme Court ruling in Allison Engine Co. v. U.S. ex. rel. Sanders that FCA applies only to Government itself and not Government contractors. Analyzes potential impact of Allison Engine on certain FCA health care claims, and discusses proposed legislation in the 111th Congress to limit the application of the Allison Engine decision. 
500 |a Electronic resource. 
650 0 |a Judge-made law. 
650 0 |a Fraud. 
650 0 |a Public contracts. 
655 7 |a Electronic books.  |2 local 
710 2 |a ProQuest (Firm) 
776 0 8 |i Microfiche version:   |a Library of Congress. Congressional Research Service.  |t False Claims Act, the Allison Engine Decision, and Possible Effects on Health Care Fraud Enforcement 
830 0 |a U.S. Congressional Research. 
856 4 0 |u http://proxy.library.tamu.edu/login?url=https://congressional.proquest.com/congcomp/getdoc?CRDC-ID=CRS-2009-AML-0235  |z Connect to the full text of this electronic book  |t 0 
999 |a MARS 
999 f f |s 3bb6a91d-18be-3405-a7c6-392f5b673ff1  |i 62759b94-825c-3583-8839-04f7629a1017  |t 0 
952 f f |a Texas A&M University  |b College Station  |c Electronic Resources  |s www_evans  |d Available Online  |t 0  |e CRS-2009-AML-0235  |h Other scheme 
998 f f |a CRS-2009-AML-0235  |t 0  |l Available Online